Kim Petras: Complete Discography - Statistics

General Stats
  • This quiz has been taken 29 times
    12 since last reset
  • The average score is 69 of 116
Answer Stats
Album Song % Correct
The Summer I Couldn't Do Better (Era 1) 1, 2, 3 Dayz Up
100%
Feed The Beast Alone
100%
Feed The Beast Brrr
100%
The Summer I Couldn't Do Better (Era 1) Can't Do Better
100%
Clarity Clarity
100%
Feed The Beast Coconuts
100%
Turn Off The Light Demons
100%
Feed The Beast Feed The Beast
100%
Singles Freak It
100%
Singles Future Starts Now
100%
The Summer I Couldn't Do Better (Era 1) Hills
100%
The Summer I Couldn't Do Better (Era 1) Hillside Boys
100%
The Summer I Couldn't Do Better (Era 1) I Don't Want It At All
100%
Singles If Jesus Was A Rockstar
100%
Singles I Like Ur Look
100%
Singles Malibu
100%
Singles Polo
100%
Problématique Problématique
100%
Slut Pop Slut Pop
100%
Slut Pop Miami Slut Pop Reprise
100%
Turn Off The Light There Will Be Blood
100%
Slut Pop Throat Goat
100%
Slut Pop Treat Me Like A Slut
100%
Turn Off The Light Turn Off The Light
100%
Feed The Beast (Bonus) Unholy
100%
Slut Pop XXX
100%
Problématique All She Wants
67%
Slut Pop Miami Banana Boat
67%
Clarity Blow It All
67%
Slut Pop Miami Butt Slutt
67%
Feed The Beast Claws
67%
Turn Off The Light Close Your Eyes
67%
Slut Pop Miami Cubana
67%
Turn Off The Light Death By Sex
67%
Clarity Do Me
67%
Duets / Collaborations Don't Lie
67%
Features Drums
67%
Turn Off The Light Everybody Dies
67%
The Summer I Couldn't Do Better (Era 1) Faded
67%
Features Feeling Of Falling
67%
Features Flashy
67%
Slut Pop Miami Gag On It
67%
Slut Pop Miami Get Fucked
67%
Clarity Got My Number
67%
Slut Pop Miami Head Head Honcho
67%
The Summer I Couldn't Do Better (Era 1) Heart To Break
67%
Clarity Icy
67%
Turn Off The Light I Don't Wanna Die...
67%
Feed The Beast King Of Hearts
67%
Turn Off The Light Omen
67%
One Piece Of Tape One Piece Of Tape
67%
Turn Off The Light (Bonus) Party Till I Die
67%
Duets / Collaborations Reason Why
67%
Singles Reminds Me
67%
Feed The Beast Revelations
67%
Slut Pop Miami Rim Job
67%
Slut Pop Superpower Bitch
67%
Clarity Sweet Spot
67%
Turn Off The Light Transylvania
67%
Problématique Treat Me Like A Hoe
67%
Feed The Beast Uhoh
67%
Features Unlock It
67%
Slut Pop Miami Whale Cock
67%
Clarity All I Do Is Cry
33%
The Summer I Couldn't Do Better (Era 1) All The Time
33%
Clarity Another One
33%
Features Anymore
33%
Feed The Beast Bait
33%
Turn Off The Light Bloody Valentine
33%
Turn Off The Light Boo! Bitch!
33%
Problématique Born Again
33%
Clarity Broken
33%
Duets / Collaborations Broken Glass
33%
Slut Pop Miami Can We Fuck?
33%
Feed The Beast Castle In The Sky
33%
Features Click
33%
Slut Pop Miami Cockblocker
33%
Problématique Confession
33%
Problématique Deeper
33%
Problématique Dirty Things
33%
One Piece Of Tape Feel It
33%
Slut Pop Miami Fuckin' This Fuckin' That
33%
Features Heartbeat
33%
Feed The Beast Hit It From The Back
33%
The Summer I Couldn't Do Better (Era 1) Homework
33%
Features Horsey
33%
Soundtracks How It's Done
33%
The Summer I Couldn't Do Better (Era 1) If U Think About Me...
33%
Turn Off The Light In The Next Life
33%
Problématique Je T'Adore
33%
Turn Off The Light Knives
33%
Features Love Me Less
33%
Problématique Love Ya Leave Ya
33%
Features Magnetic
33%
Turn Off The Light Massacre
33%
Clarity Meet The Parents
33%
Feed The Beast Minute
33%
One Piece Of Tape Money Got Her Hot
33%
Clarity Personal Hell
33%
Turn Off The Light Purgatory
33%
Feed The Beast Sex Talk
33%
Clarity Shinin'
33%
The Summer I Couldn't Do Better (Era 1) Slow It Down
33%
Problématique Something About U
33%
One Piece Of Tape Supersonic
33%
Features Taste
33%
Turn Off The Light Tell Me It's A Nightmare
33%
Singles The Drugs Don't Work
33%
Slut Pop They Wanna Fuck
33%
Feed The Beast Thousand Pieces
33%
Features Villain
33%
Duets / Collaborations When We Were Young (The Logical Song)
33%
Turn Off The Light Wrong Turn
33%
Features You
33%
Slut Pop Your Wish Is My Command
33%
No matching quizzes found
Score Distribution
Percent of People with Each Score
Percentile by Number Answered
Your Score History
You have not taken this quiz since the last reset